<?xml version="1.0" encoding="UTF-8"?>
<record
    xmlns:xsi="http://www.w3.org/2001/XMLSchema-instance"
    xsi:schemaLocation="http://www.loc.gov/MARC21/slim http://www.loc.gov/standards/marcxml/schema/MARC21slim.xsd"
    xmlns="http://www.loc.gov/MARC21/slim">

  <leader>01137nam a2200217Ia 4500</leader>
  <datafield tag="952" ind1=" " ind2=" ">
    <subfield code="0">0</subfield>
    <subfield code="1">0</subfield>
    <subfield code="4">0</subfield>
    <subfield code="7">0</subfield>
    <subfield code="a">11</subfield>
    <subfield code="b">11</subfield>
    <subfield code="d">2007-01-08</subfield>
    <subfield code="l">2</subfield>
    <subfield code="o">BF121 P3618</subfield>
    <subfield code="p">11 002710</subfield>
    <subfield code="r">2017-02-16</subfield>
    <subfield code="s">2017-02-16</subfield>
    <subfield code="t">1</subfield>
    <subfield code="w">2012-06-26</subfield>
    <subfield code="y">LB</subfield>
  </datafield>
  <datafield tag="952" ind1=" " ind2=" ">
    <subfield code="0">0</subfield>
    <subfield code="1">0</subfield>
    <subfield code="4">0</subfield>
    <subfield code="7">0</subfield>
    <subfield code="a">11</subfield>
    <subfield code="b">11</subfield>
    <subfield code="d">2010-12-07</subfield>
    <subfield code="l">20</subfield>
    <subfield code="o">BF121 P3618</subfield>
    <subfield code="p">11 009044</subfield>
    <subfield code="r">2023-02-22</subfield>
    <subfield code="s">2023-02-22</subfield>
    <subfield code="t">5</subfield>
    <subfield code="w">2012-06-26</subfield>
    <subfield code="y">LB</subfield>
  </datafield>
  <datafield tag="952" ind1=" " ind2=" ">
    <subfield code="0">0</subfield>
    <subfield code="1">0</subfield>
    <subfield code="4">0</subfield>
    <subfield code="7">0</subfield>
    <subfield code="a">11</subfield>
    <subfield code="b">11</subfield>
    <subfield code="d">2010-12-07</subfield>
    <subfield code="l">12</subfield>
    <subfield code="o">BF121 P3618</subfield>
    <subfield code="p">11 009045</subfield>
    <subfield code="r">2024-08-12</subfield>
    <subfield code="s">2024-08-12</subfield>
    <subfield code="t">6</subfield>
    <subfield code="w">2012-06-26</subfield>
    <subfield code="y">LB</subfield>
  </datafield>
  <datafield tag="952" ind1=" " ind2=" ">
    <subfield code="0">0</subfield>
    <subfield code="1">0</subfield>
    <subfield code="4">0</subfield>
    <subfield code="7">0</subfield>
    <subfield code="a">11</subfield>
    <subfield code="b">11</subfield>
    <subfield code="d">2010-12-07</subfield>
    <subfield code="l">16</subfield>
    <subfield code="o">BF121 P3618</subfield>
    <subfield code="p">11 009046</subfield>
    <subfield code="r">2023-02-22</subfield>
    <subfield code="s">2023-02-22</subfield>
    <subfield code="t">7</subfield>
    <subfield code="w">2012-06-26</subfield>
    <subfield code="y">LB</subfield>
  </datafield>
  <datafield tag="952" ind1=" " ind2=" ">
    <subfield code="0">0</subfield>
    <subfield code="1">0</subfield>
    <subfield code="2">lcc</subfield>
    <subfield code="4">0</subfield>
    <subfield code="7">0</subfield>
    <subfield code="a">01</subfield>
    <subfield code="b">01</subfield>
    <subfield code="d">2022-10-01</subfield>
    <subfield code="l">0</subfield>
    <subfield code="o">BF121 P3618</subfield>
    <subfield code="p">16 002205</subfield>
    <subfield code="r">2023-07-12</subfield>
    <subfield code="t">1</subfield>
    <subfield code="w">2022-10-01</subfield>
    <subfield code="y">LB</subfield>
  </datafield>
  <datafield tag="952" ind1=" " ind2=" ">
    <subfield code="0">0</subfield>
    <subfield code="1">0</subfield>
    <subfield code="2">lcc</subfield>
    <subfield code="4">0</subfield>
    <subfield code="7">0</subfield>
    <subfield code="a">01</subfield>
    <subfield code="b">01</subfield>
    <subfield code="d">2022-10-01</subfield>
    <subfield code="l">0</subfield>
    <subfield code="o">BF121 P3618</subfield>
    <subfield code="p">16 002206</subfield>
    <subfield code="r">2024-01-17</subfield>
    <subfield code="t">2</subfield>
    <subfield code="w">2022-10-01</subfield>
    <subfield code="y">LB</subfield>
  </datafield>
  <datafield tag="952" ind1=" " ind2=" ">
    <subfield code="0">0</subfield>
    <subfield code="1">0</subfield>
    <subfield code="2">lcc</subfield>
    <subfield code="4">0</subfield>
    <subfield code="7">0</subfield>
    <subfield code="a">01</subfield>
    <subfield code="b">01</subfield>
    <subfield code="d">2022-10-01</subfield>
    <subfield code="l">0</subfield>
    <subfield code="o">BF121 P3618</subfield>
    <subfield code="p">16 002207</subfield>
    <subfield code="r">2023-07-12</subfield>
    <subfield code="t">3</subfield>
    <subfield code="w">2022-10-01</subfield>
    <subfield code="y">LB</subfield>
  </datafield>
  <datafield tag="999" ind1=" " ind2=" ">
    <subfield code="c">69903</subfield>
    <subfield code="d">69903</subfield>
  </datafield>
  <controlfield tag="008">120626s1988    mx            000 0 spa d</controlfield>
  <datafield tag="020" ind1=" " ind2=" ">
    <subfield code="a">9684221940</subfield>
  </datafield>
  <datafield tag="050" ind1=" " ind2=" ">
    <subfield code="a">BF121</subfield>
    <subfield code="b">P3618</subfield>
  </datafield>
  <datafield tag="100" ind1=" " ind2=" ">
    <subfield code="a">Papalia, Diane E.</subfield>
    <subfield code="e"> , autor</subfield>
  </datafield>
  <datafield tag="240" ind1=" " ind2=" ">
    <subfield code="a">Psychology</subfield>
    <subfield code="l">espa&#xF1;ol</subfield>
  </datafield>
  <datafield tag="245" ind1=" " ind2=" ">
    <subfield code="a">Psicolog&#xED;a </subfield>
    <subfield code="c">/ Diane E., Papalia: Sally, Wendkos Olds; traducci&#xF3;n de Anne Marie, Holm Nielsen, Pere; Castellvi Masjuan; Mar&#xED;a Estella, Cabestany</subfield>
  </datafield>
  <datafield tag="260" ind1=" " ind2=" ">
    <subfield code="a">M&#xE9;xico </subfield>
    <subfield code="b">: McGraw-Hill</subfield>
    <subfield code="c">, 1988</subfield>
  </datafield>
  <datafield tag="300" ind1=" " ind2=" ">
    <subfield code="a">762 p&#xE1;ginas</subfield>
    <subfield code="b">: ilustraciones </subfield>
  </datafield>
  <datafield tag="500" ind1=" " ind2=" ">
    <subfield code="a">T&#xED;tulo original: Psychology</subfield>
  </datafield>
  <datafield tag="500" ind1=" " ind2=" ">
    <subfield code="a">Incluye: Contenido, Ap&#xE9;ndice, Glosario, Bibliograf&#xED;a, Indice de nombres, Indice anal&#xED;tico</subfield>
  </datafield>
  <datafield tag="505" ind1=" " ind2=" ">
    <subfield code="a">I. La Psicolog&#xED;a como ciencia  
II. Bases biol&#xF3;gicas del comportamiento  
III. Aprendizaje, memoria y procesos cognitivos  
IV. Motivaci&#xF3;n,emoci&#xF3;n y estr&#xE9;s  
V. Desarrollo psicol&#xF3;gico a lo largo del ciclo de la vida  
VI. Personalidad y anormalidad  
VII. Psicolog&#xED;a social </subfield>
  </datafield>
  <datafield tag="519" ind1=" " ind2=" ">
    <subfield code="a">Material Complementario/  </subfield>
    <subfield code="b">Psicolog&#xED;a / </subfield>
    <subfield code="d">(11 009046)  
(16 002205)</subfield>
  </datafield>
  <datafield tag="650" ind1=" " ind2="0">
    <subfield code="a">PSICOLOG&#xCD;A</subfield>
  </datafield>
  <datafield tag="700" ind1=" " ind2=" ">
    <subfield code="a">Wendkos Olds, Sally</subfield>
    <subfield code="e">autor</subfield>
  </datafield>
  <datafield tag="942" ind1=" " ind2=" ">
    <subfield code="c">LB</subfield>
    <subfield code="2">lcc</subfield>
  </datafield>
</record>
